000 01045nam a22003137a 4500
003 CHAP
005 20220329143304.0
008 080219d2007 ii a r 00010 eng d
010 _a94464
011 _a95436
020 _a97818422653708
035 _a106062
040 _cCHAP
082 0 4 _a660.6
_aR3
100 1 _aRastogi, S.C.
_994724
245 1 0 _aBiotechnology :
_bprinciples and applications
_c/by S.C. Rastogi
260 _aIndia :
_bAlpha Science,
_c2007
300 _a[595] p. :
_bilus., gráfs.
590 _aBATCH-UPD
_b10
_c20130110
_lUCH01
_h0452
590 _aBATCH-UPD
_b10
_c20130410
_lUCH01
_h0130
590 _aBATCH-UPD
_b10
_c20130914
_lUCH01
_h0641
590 _aCONVERSION
_b10
_c20130109
_lUCH01
_h1352
650 1 4 _aBiotecnología.
_912878
650 1 4 _aMarcadores genéticos.
_971249
901 _aBK
942 _cLIBRO
949 _a660.6 R3
_bBC
_cLIBRO
_d33724002048819
_eLIBRO
_gI.236319
_h109073
_i106062
_si
_t$14499.00
949 _a660.6 R3
_bBC
_cLIBRO
_d33724002076074
_eLIBRO
_fc.2
_gI.240604
_h110060
_i106062
_si
_t$1430.00
999 _c94464
_d94464